Special report: UK plc (Record no. 104697)

MARC details
000 -LEADER
fixed length control field 00658cab a2200181 4500
001 - CONTROL NUMBER
control field ##L131243
008 - FIXED-LENGTH DATA ELEMENTS--GENERAL INFORMATION
fixed length control field 050727n2005 000 0 eng u
035 ## - SYSTEM CONTROL NUMBER
System control number (Sirsi) u131243
041 0# - LANGUAGE CODE
Language code of text/sound track or separate title eng
245 00 - TITLE STATEMENT
Title Special report: UK plc
260 ## - PUBLICATION, DISTRIBUTION, ETC.
Date of publication, distribution, etc. 2005
490 #0 - SERIES STATEMENT
Series statement Property Week
Volume/sequential designation 70(40) 7 October 2005, 79-90(10)
520 ## - SUMMARY, ETC.
Summary, etc. Special report focusing on the UK. Looks at: investment in the UK by foreign companies both in London and the south east and the regions; and the influence on the Olympics on London.
590 ## - LOCAL NOTE (RLIN)
Local note IKA251005
650 24 - SUBJECT ADDED ENTRY--TOPICAL TERM
Topical term or geographic name entry element OLYMPIC GAMES 2012
690 ## - LOCAL SUBJECT ADDED ENTRY--TOPICAL TERM (OCLC, RLIN)
Topical term or geographic name as entry element PROPERTY-COMMERCIAL PROPERTY-COMMERCIAL PROPERTY MARKET
942 ## - ADDED ENTRY ELEMENTS (KOHA)
Suppress in OPAC 0
Holdings
Withdrawn status Lost status Source of classification or shelving scheme Damaged status Not for loan Home library Current library Shelving location Date acquired Total Checkouts Full call number Barcode Date last seen Copy number Price effective from Koha item type
    Dewey Decimal Classification     London London Journal article 10/10/2005   L131243 131243-1001 06/08/2019 1 06/08/2019 Journal article